| 000 | 01158cam a2200253 4500 | ||
|---|---|---|---|
| 001 | ABS67887 | ||
| 008 | 040624n2004 000 0 eng u | ||
| 035 | _a(Sirsi) u126599 | ||
| 100 | _aCarrick, D. | ||
| 245 | _aRecovery of contractor's fixed cost/head office overhead and profit | ||
| 260 | _c2004 | ||
| 490 |
_aCivil Engineering Surveyor _v June 2004, 17-19(3) |
||
| 520 | _aSuggests ways in which formulae, such as Hudson, Emden and Eichleay, can be used to calculate a basis for claim for loss of business. These losses can result from delays which develop in a project. Stresses that record keeping needs to be thorough to back up any such claims. Concludes that the recoverability of loss of profit and head office contribution will depend often on the nature of the contractor making the claim and the market conditions in which the claim is made. | ||
| 590 | _aABS | ||
| 590 | _aABS | ||
| 650 | _aHEAD OFFICE OVERHEADS | ||
| 650 | _aHUDSON FORMULA | ||
| 650 | _aEMDEN FORMULA | ||
| 650 | _aEICHLEAY FORMULA | ||
| 650 | _aHADLEY V BAXENDALE | ||
| 690 | _aBUILDING AND CONSTRUCTION-CONTRACTS | ||
| 700 | _aScott, D. | ||
| 942 | _n0 | ||
| 999 |
_c117592 _d117592 |
||